| 000 | 00658nas a2200217 4500 | ||
|---|---|---|---|
| 001 | BR7907513 | ||
| 003 | BR-BrBNA | ||
| 005 | 20231205084015.0 | ||
| 007 | ta | ||
| 008 | 230509b bl.|||p| |||| 00| 00por d | ||
| 040 |
_aBR-BrBNA _bpor _cBiblioteca Nacional de Agricultura |
||
| 041 | _a(Pt) | ||
| 072 | _aN10; E15 | ||
| 100 | 1 | _aAnon. | |
| 245 | 1 | _aNovos esforcos para levar energia ao campo [eletrificacao rural, Brasil] | |
| 650 | _aELETRIFICACAO RURAL | ||
| 650 | _aCOOPERATIVA | ||
| 773 | 0 |
_tDirigente Rural (Brazil) _xISSN 0012-3374 _g(May 1979), v. 18(5-6) p. 61-62 _wBR7907513 |
|
| 909 |
_a202311 _bLúcia _c55 _dLúcia Elande |
||
| 942 |
_2AGRIS _n0 _cANA |
||
| 999 |
_c102550 _d102550 |
||